| 000 | 00357nam a2200145Ia 4500 | ||
|---|---|---|---|
| 005 | 20251222143139.0 | ||
| 008 | 251222s9999||||xx |||||||||||||| ||spa|| | ||
| 020 | _a84-7774-136-0 | ||
| 082 | _a370.7/M84 | ||
| 100 | _aMonereo Font, Carles | ||
| 245 | 0 | _aEstrategias de Aprendizaje | |
| 250 | _a2a.ed. | ||
| 264 | _bUniversidad de Catalunya | ||
| 942 | _cLIB | ||
| 999 |
_c12233 _d12233 |
||